L'instinct et l'inconscient (Record no. 128021)
[ view plain ]
| 000 -LEADER | |
|---|---|
| campo de control de longitud fija | 00599nam a2200181 i 4500 |
| 001 - NÚMERO DE CONTROL | |
| campo de control | 128021 |
| 003 - IDENTIFICADOR DE NÚMERO DE CONTROL | |
| campo de control | ES-MaACL |
| 005 - FECHA Y HORA DE LA ÚLTIMA TRANSACCIÓN | |
| campo de control | 20230906193136.0 |
| 007 - CAMPO FIJO DE DESCRIPCIÓN FÍSICA--INFORMACIÓN GENERAL | |
| campo de control de longitud fija | t| |
| 008 - DATOS DE LONGITUD FIJA--INFORMACIÓN GENERAL | |
| campo de control de longitud fija | 070214s1926 fr |||| | fre d |
| 100 1# - ENTRADA PRINCIPAL--NOMBRE DE PERSONA | |
| Nombre de persona | Rivers, W. H. R. |
| 9 (RLIN) | 97716 |
| 245 12 - MENCIÓN DEL TÍTULO | |
| Título | L'instinct et l'inconscient |
| Resto del título | : contribution áa une théorie biologique des psychonévroses / |
| Mención de responsabilidad, etc. | par W.H.R. Rivers ; traduit de l'anglais par René Lacroze. |
| 260 ## - PUBLICACIÓN, DISTRIBUCIÓN, ETC. | |
| Lugar de publicación, distribución, etc. | Paris : |
| Nombre del editor, distribuidor, etc. | Félix Alcan, |
| Fecha de publicación, distribución, etc. | 1926. |
| 300 ## - DESCRIPCIÓN FÍSICA | |
| Extensión | XIV, 324 p. ; |
| Dimensiones | 22 cm. |
| 650 04 - PUNTO DE ACCESO ADICIONAL DE MATERIA--TÉRMINO DE MATERIA | |
| Término de materia o nombre geográfico como elemento de entrada | Neurosis. |
| 9 (RLIN) | 15534 |
| 700 1# - ENTRADA AGREGADA--NOMBRE PERSONAL | |
| Nombre de persona | Lacroze, René. |
| 9 (RLIN) | 69409 |
| 852 ## - LOCALIZACIÓN | |
| Ubicación | ES-MaACL |
| Número de control de estantería | B-5951 |
| Estatus retirado | Estado de pérdida | Estado de daño | No para préstamo | Biblioteca de origen | Biblioteca actual | Ubicación en estantería | Fecha de adquisición | Fuente de adquisición | Total de préstamos | Signatura topográfica completa | Código de barras | Visto por última vez | Precio de reemplazo | Tipo de ítem Koha |
|---|---|---|---|---|---|---|---|---|---|---|---|---|---|---|
| Biblioteca del Ateneo de Madrid | Biblioteca del Ateneo de Madrid | Sala Pardo Bazán | 17/01/2008 | B-5951 | 1133336 | 23/02/2023 | 23/02/2023 | Libro impreso |
